| 000 | 00572nam a2200157 a 4500 | ||
|---|---|---|---|
| 001 | 000015354 | ||
| 005 | 20200929164022.0 | ||
| 008 | 100205s2008 dr d 000 spa d | ||
| 040 |
_aDO-SdBNP _bspa _cBNPHU |
||
| 082 | _axxxx | ||
| 245 | 0 | 0 | _aAdopción y uso de tecnologías de la información y la comunicación (TIC) en la República Dominican. |
| 260 |
_aSanto Domingo : _bDepartamento de investigaciones, Oficina Nacional de Estadística (ONE), _c2008. |
||
| 300 |
_a43 p. : _bGraf. ; _c21 cm. |
||
| 504 | _aIncluye referencias bibliográficas (p. 43) | ||
| 049 | _aBNPD | ||
| 999 |
_c14919 _d14919 |
||